Science Quiz

Random Science or Animal Quiz
Score 0/25 Timer 05:00
2 Plays Today
Hint Answer % Correct
Big Five African
Game Animals
African lion
92.9%
Big Five African
Game Animals
African elephant
90.8%
Big Five African
Game Animals
Black rhinoceros
78.2%
Layers of Earth's
Atmosphere
Stratosphere
59.3%
Regions of the
Human Spine
Lumbar
56.4%
Halogen Elements
(Non-Transuranic)
Fluorine
41.5%
Halogen Elements
(Non-Transuranic)
Chlorine
41.3%
Big Five African
Game Animals
African leopard
40.9%
Layers of Earth's
Atmosphere
Troposphere
38.6%
Regions of the
Human Spine
Cervical
38.1%
Halogen Elements
(Non-Transuranic)
Iodine
35.6%
Halogen Elements
(Non-Transuranic)
Bromine
35.6%
Primary/Canonical
Nucleobases
Guanine
35.1%
Hint Answer % Correct
Regions of the
Human Spine
Thoracic
33.5%
Big Five African
Game Animals
Cape buffalo
33%
Regions of the
Human Spine
Coccyx
32.6%
Primary/Canonical
Nucleobases
Adenine
31.2%
Primary/Canonical
Nucleobases
Cytosine
30.3%
Primary/Canonical
Nucleobases
Thymine
28.1%
Layers of Earth's
Atmosphere
Mesosphere
26.1%
Halogen Elements
(Non-Transuranic)
Astatine
26%
Regions of the
Human Spine
Sacrum
23.6%
Primary/Canonical
Nucleobases
Uracil
23.1%
Layers of Earth's
Atmosphere
Exosphere
17.9%
Layers of Earth's
Atmosphere
Thermosphere
14.2%
Remove Ads.
Support Sporcle.
Get the best of Sporcle when you Go Orange. This ad-free experience offers more features, more stats, and more fun while also helping to support Sporcle. Thank you for becoming a member.

You're not logged in!

Compare scores with friends on all Sporcle quizzes.
OR
Log In

Sporcle TV

Today on Sporcle TV


Watch our educational content, quiz creation guides, and fun videos on Sporcle TV.

Show Comments

Extras

Top Quizzes Today


Score Distribution

Paid Content

Your Account Isn't Verified!

In order to create a playlist on Sporcle, you need to verify the email address you used during registration. Go to your Sporcle Settings to finish the process.

Report this User

Report this user for behavior that violates our Community Guidelines.

Details: